Goosebumps Books (Tough Edition) - Statistics

General Stats
  • This quiz has been taken 85 times
    82 since last reset
  • The average score is 24 of 62
Answer Stats
Pages Published Date Book % Correct
120 May 1995 Night of the Living Dummy 2
80%
125 Fabruary 1996 Night of the Living Dummy 3
80%
128 September 1992 Monster Blood
71%
121 April 1994 Monster Blood 2
71%
126 March 1995 Monster Blood 3
71%
118 December 1997 Monster Blood 4
71%
123 July 1992 Welcome to Dead House
71%
122 July 1992 Stay Out of the Basement
68%
121 September 1993 The Haunted Mask
61%
124 October 1995 The Haunted Mask 2
61%
132 November 1992 Say Cheese and Die!
56%
115 June 1996 Say Cheese and Die-Again!
56%
117 May 1994 Deep Trouble
49%
113 August 1997 Deep Trouble 2
49%
124 August 1993 The Ghost Next Door
49%
122 June 1994 The Scarecrow Walks at Midnight
49%
123 December 1993 The Werewolf of Fever Swamp
46%
139 March 1993 Let's Get Invisible!
44%
118 September 1994 Return of the Mummy
44%
119 August 1995 Revenge of the Lawn Gnomes
41%
132 January 1993 The Curse of the Mummy's Tomb
41%
137 May 1993 The Girl Who Cried Monster
41%
124 November 1996 Vampire Breath
41%
117 November 1994 Attack of the Mutant
39%
127 December 1995 The Abominable Snowman of Pasadena
39%
136 July 1993 Welcome to Camp Nightmare
39%
113 October 1996 Attack of the Jack-O'-Lanterns
37%
121 October 1993 Be Careful What You Wish For
37%
116 December 1996 Calling All Creeps!
37%
112 March 1997 Chicken, Chicken
37%
117 March 1994 Why I'm Afraid of Bees
37%
117 September 1995 A Shocker on Shock Street
34%
118 April 1997 Don't Go to Sleep!
34%
119 August 1994 Ghost Beach
34%
126 October 1994 Phantom of the Auditorium
34%
124 November 1993 Piano Lessons Can Be Murder
34%
114 May 1997 The Blob That Ate Everyone
34%
125 October 1997 Werewolf Skin
34%
118 July 1996 Ghost Camp
32%
111 November 1997 I Live in Your Basement!
32%
123 February 1994 One Day at Horrorland
32%
119 July 1994 Go Eat Worms!
29%
122 December 1994 My Hairiest Adventure
29%
118 May 1996 The Beast from the East
29%
118 February 1995 The Cuckoo Clock of Doom
29%
120 September 1997 The Haunted School
29%
117 March 1996 Bad Hare Day
27%
113 January 1997 Beware, the Snowman
27%
123 February 1997 How I learned to Fly
24%
112 August 1996 How to Kill a Monster
24%
114 June 1997 The Curse of Camp Cold Lake
24%
115 April 1996 Egg Monsters From Mars
22%
112 April 1995 It Came from Beneath the Sink!
22%
122 September 1996 Legend of the Lost Legend
22%
114 July 1997 My Best Friend Is Invisible
22%
117 June 1995 The Barking Ghost
22%
128 July 1995 The Horror at Camp Jellyjam
22%
120 January 1994 You Can't Scare Me!
22%
113 November 1995 The Headless Ghost
20%
119 January 1996 How I Got My Shrunken Head
17%
129 January 1995 A Night at Terror Tower
5%
134 May 1993 Night of the Living Monster
0%
No matching quizzes found
Score Distribution
Percent of People with Each Score
Percentile by Number Answered
Your Score History
You have not taken this quiz since the last reset